000 00220nam a2200097Ia 4500
008 230907s9999||||xx |||||||||||||| ||und||
082 _a363.731
_bAGA
245 0 _aIndustrial environment :
260 _c2013
942 _cBK
999 _c599055
_d599055